02313nkc a2200337za 450000100060000000300040000600500170001000700070002700800410003404000240007510000330009924500570013226000240018930001000021350001720031350001920048550000650067750001340074250001690087650400520104550500530109751001510115051002100130156101300151161000680164165100190170965500320172870000530176085200120181385601500182584444OSt20260318100807.0kh boc250410s19101911sp ||||| |||| 00| i|spa d aM-RABAbspacM-RABA1 aElorza, Lorenzod(1861-1931)10aEstíbalizb: Detalle de la puerta del surc/ L. E. c[ca. 1910 – 1911] a1 fotografíab: gelatina de platac; imagen 12 x 16,5 cmc; soporte secundario 21,5 x 26,5 cm aVista del relieve de la Anunciación inserto sobre la imposta decorada junto a la puerta de la fachada principal de la basílica de Nuestra Señora de Estíbaliz.  aFotografía montada sobre soporte secundario de cartulina azul enmarcada con orla en relieve. Título y numeración manuscrita que hace referencia a la posición en la serie “65”. aSello con monograma del fotógrafo en tinta roja “L.E.” aFechas tomadas de la ejecución del positivo de las fotografías, incluido el soporte secundario. (Soto Madrazo, Javier. 2008). aForma parte de un conjunto de 167 fotografías empleadas por Federico Baráibar Zumárraga para la elaboración del Inventario del Románico en Álava (1911). aBaraibar, F.: "Rincones artísticos", M. 1914. aEstivariz.- Detalle de la puerta del Sur / L. E. aDescripción tomada de: Soto Madrazo, Javier (2008). Federico Baraibar y el Inventario del Románico en Álava: una caja con 167 fotografías. aEsta colección fue utilizada posteriormente por Cristóbal de Castro para la elaboración y publicación del "Catálogo Monumental de España: provincia de Álava", Madrid, S. de Rivadeneira, 1915. aDonadas junto con la memoria manuscrita a la Academia por el mismo Baraibar (Sesión 12 de febrero de 1912, Archivo: 4-32-1)27aSantuario de Santa María de Estíbaliz (cÁlava, España) 7aÁlava2embne 0aFotografías de monumentos1 aBaráibar y Zumárraga, Federico d(1851-1918) jFot-174 3Fot-174uhttps://archivoybiblioteca.realacademiabellasartessanfernando.com/cgi-bin/koha/opac-retrieve-file.pl?id=fad08c00662e9b6a50344bda4f6f4cd7